Povídky malostranské

Bibliographic Details
Main Author: Neruda, Jan, 1834-1891 (Author)
Other Authors: Beran, Zdeněk, 1932-2009 ([ADC])
Format: Book
Language:Czech
PhysicalDescription:312 s., 14,50 AH 18 cm
Published: Bratislava Tatran 1985
Edition:2. vyd.
Series:Čítanie študujúcej mládeže Zv. 165.

MARC

LEADER 00000nam a2200000 a 4500
001 vtls001094293
003 SK-MaSNL
005 20260301092539.0
008 250414s1985 CS 0 cze
015 |a SNBA1985/05 
035 |a SNK000037135 
040 |a SNK  |b slo  |c SNK  |e AACR2 
041 0 |a cze 
044 |a [CS] 
080 |a 885.0-3=850  |2 1981 
100 1 |a Neruda, Jan,  |d 1834-1891  |4 aut  |9 97746 
245 1 0 |a Povídky malostranské  |c Jan Neruda ; Zdeněk Beran, Ľubomír Longauer, Zdeněk Beran 
250 |a 2. vyd. 
260 |a Bratislava  |b Tatran  |c 1985  |e Bratislava  |f Pravda 
300 |a 312 s., 14,50 AH  |c 18 cm 
366 |e 21000 výtl. 
490 0 |a Čítanie študujúcej mládeže  |v Zv. 165. 
500 |a Lit. 11. Rozlož. tit. list. 2. vyd. v edíci ČŠM. 11 zázn. v slov. a češ. 
700 1 |a Beran, Zdeněk,  |d 1932-2009  |4 [ADC]  |9 132538 
700 1 |a Longauer, Ľubomír,  |d 1948-2025  |4 bkd  |9 111396 
700 1 |a Beran, Zdeněk,  |d 1932-2009  |4 oth  |9 132538 
852 |a Slovenská národná knižnica 
954 |a poviedky sociálne 
958 |a CZ 
958 |a LX 
958 |a TL 
958 |a OND 
999 |c 674331  |d 676261 
952 |t P60, <04>, [BOOK], {604}  |a SNK  |b SNK  |y VYP  |7 0  |p 17A0028552  |o snkSD 56766 D1  |0 0  |1 0  |4 0  |d 1997-01-03  |l 0  |r 2004-12-31 00:00:00  |w 2026-02-23